Sudden Death. Click all Dutch cities (Hard) - Statistics

General Stats
  • This quiz has been taken 668 times
    278 since last reset
  • The average score is 7 of 19
Answers on the Grid
Answers color-coded by a green-red scale on the quiz's grid according to % correct below.
Rotterdam
Leer
Bergen
Venlo
Zeist
Assen
Essen
Hasselt
Karlstad
Kristiansand
Zandvoort
Straatsburg
Bloemfontein
Groningen
Göttingen
Gorinchem
Hoorn
Zaandam
Windhoek
Stellenbosch
Den Bosch
Tilburg
Maagdenburg
Orenburg
Den Haag
Den Helder
Kortrijk
Katwijk
Leek
Duinkerken
Keulen
Boergas
Lelystad
Purmerend
Spijkenisse
Harrisburg
 
Answer Stats
Answer % Correct
Rotterdam
96%
Den Haag
61%
Groningen
60%
Zandvoort
50%
Den Bosch
47%
Venlo
47%
Tilburg
43%
Zaandam
41%
Hoorn
35%
Assen
33%
Den Helder
33%
Zeist
30%
Lelystad
29%
Spijkenisse
26%
Katwijk
24%
Purmerend
22%
Gorinchem
21%
Bergen
12%
Leek
11%
No matching quizzes found
Score Distribution
Percent of People with Each Score
Percentile by Number Answered
Your Score History
You have not taken this quiz since the last reset